| 000 | 01053nam0a22003131 4500 | ||
|---|---|---|---|
| 001 | v19\rc\1831623 | ||
| 005 | 20250619140517.0 | ||
| 035 | _a(NLR Aleph) 004927167 | ||
| 090 |
_a5640712 _c5640712 |
||
| 100 | _a20071224d1908 |||y0rusy50 ca | ||
| 101 | 0 | _arus | |
| 102 | _aRU | ||
| 105 | _ay j |||c| | ||
| 200 | 1 |
_aСборник бытовых очерков из русской истории _eИст. хрестоматия для учащихся _fСост. К.В. Елпатьевский |
|
| 210 |
_aСанкт-Петербург _cтип. М.М. Стасюлевича _d1908 |
||
| 215 |
_aVI, 482 с. _d25 |
||
| 700 | 1 |
_aЕлпатьевский _bК.В. _f1854- _gКонстантин Васильевич _4220 |
|
| 801 | 0 |
_aRU _bNLR _gpsbo |
|
| 801 | 0 |
_aRU _bRuMoRGB _2psbo |
|
| 801 | 1 |
_aRU _bProSoft-M _2rusmarc |
|
| 852 |
_aNLR _j38.50.3.22 |
||
| 852 |
_aNLR _j133/907 |
||
| 899 |
_aRuMoRGB _jP 39/283 |
||
| 899 |
_aRuMoRGB _jR 283/219 |
||
| 899 | _aБАН | ||
| 899 | _aНБ СПбГУ | ||
| 899 | _aГПИБ | ||
| 942 | _cBOOK | ||
| 980 | _aNB | ||